Social Media Metrics Importance and Usage Frequency in Latvia
Zisťovanie, ktoré marketingové metriky sociálnych médií sú najviac používané a najdôležitejšie pre marketingových expertov v Lotyšsku, a ktoré môžu byť použité na hodnotenie efektívnosti marketingovej kampane.
Uložené v:
| Hlavný autor: | |
|---|---|
| Ďalší autori: | |
| Médium: | Kapitola |
| Jazyk: | English |
| Predmet: | |
| Tagy: |
Žiadne tagy, Buďte prvý, kto otaguje tento záznam!
|
MARC
| LEADER | 00000naa a2200000 4500 | ||
|---|---|---|---|
| 001 | 0241028 | ||
| 005 | 20221104112504.8 | ||
| 041 | 0 | |a eng | |
| 044 | |a CZ | ||
| 245 | 1 | 0 | |a Social Media Metrics Importance and Usage Frequency in Latvia |c Valerijs Praude, Ronalds Skulme |
| 520 | |a Zisťovanie, ktoré marketingové metriky sociálnych médií sú najviac používané a najdôležitejšie pre marketingových expertov v Lotyšsku, a ktoré môžu byť použité na hodnotenie efektívnosti marketingovej kampane. | ||
| 610 | 2 | 0 | |a médiá sociálne |
| 610 | 2 | 0 | |a meranie |
| 610 | 2 | 0 | |a marketing |
| 610 | 2 | 0 | |a dopyt |
| 610 | 2 | 0 | |a Lotyšsko |
| 610 | 2 | 0 | |a efektívnosť |
| 100 | 1 | |a Praude, Valerijs | |
| 700 | 1 | |a Skulme, Ronalds | |